Analýza procesu získavania pracovníkov bakalárska práca

Salvato in:
Dettagli Bibliografici
Autore principale: Trojáková, Lucia
Ente Autore: Fakulta podnikového manažmentu EU. Katedra manažmentu
Altri autori: Gálik, Rudolf
Natura: Libro
Lingua:slovacco
Pubblicazione: Bratislava 2011
Tags: Aggiungi Tag
Nessun Tag, puoi essere il primo ad aggiungerne!!

MARC

LEADER 00000nbm a2200000 4500
001 0140058
005 20161109111702.6
041 0 |a slo 
044 |a SK 
245 1 0 |a Analýza procesu získavania pracovníkov  |b bakalárska práca  |c Lucia Trojáková ; školiteľ: Rudolf Gálik 
264 1 |a Bratislava  |c 2011 
300 |a 51 s. 
100 1 |a Trojáková, Lucia 
700 1 |a Gálik, Rudolf 
710 2 |a Fakulta podnikového manažmentu EU. Katedra manažmentu